Levitate - Twenty One Pilots Lyrics - Statistics

General Stats
  • This quiz has been taken 12 times
  • The average score is 221 of 395
Answer Stats
Lyrics % Correct
a
100%
a
100%
And
100%
can
100%
ever
100%
fire
100%
grade,
100%
help
100%
help
100%
how
100%
I
100%
I
100%
I
100%
just
100%
just
100%
know
100%
learn
100%
Learn
100%
learned
100%
levitate
100%
levitate
100%
levitate
100%
little
100%
little
100%
Verse 1 Oh,
100%
on
100%
since
100%
that
100%
the
100%
though
100%
to
100%
to
100%
to
100%
to
100%
with
100%
with
100%
You
100%
a
80%
a
80%
all
80%
all
80%
And
80%
And
80%
asleep,
80%
asleep,
80%
breathe
80%
But
80%
But
80%
but
80%
but
80%
Verse 2 Come
80%
come
80%
come
80%
Verse 3 Come
80%
come
80%
come
80%
Cowards
80%
Cowards
80%
curse
80%
curse
80%
Verse 4 Danger
80%
down,
80%
down,
80%
down,
80%
down
80%
everyone's
80%
everyone's
80%
feed
80%
feet
80%
fell
80%
from
80%
from
80%
hour's
80%
hour's
80%
I
80%
I
80%
I
80%
I
80%
I
80%
I
80%
I
80%
I
80%
in
80%
is
80%
is
80%
is
80%
it
80%
it's
80%
know
80%
know
80%
know
80%
late
80%
late
80%
late
80%
made
80%
made
80%
mind
80%
mind
80%
mind's
80%
my
80%
My
80%
my
80%
need
80%
need
80%
Now
80%
now,
80%
Now
80%
now,
80%
Now
80%
of
80%
off
80%
only
80%
only
80%
right
80%
right
80%
say
80%
say
80%
say
80%
seventh
80%
shouldn't
80%
shouldn't
80%
shouldn't
80%
show
80%
show
80%
show
80%
show
80%
show
80%
that
80%
that
80%
the
80%
the
80%
the
80%
thing
80%
things
80%
this
80%
this
80%
this
80%
through
80%
through
80%
too
80%
up
80%
up,
80%
up
80%
up,
80%
up
80%
way
80%
we
80%
when
80%
when
80%
with
80%
would
80%
would
80%
you
80%
you
80%
you
80%
you
80%
you,
80%
you
80%
a
60%
a
60%
a
60%
a
60%
a
60%
a
60%
a
60%
a
60%
all
60%
all
60%
all
60%
all
60%
And
60%
And
60%
And
60%
But
60%
But
60%
can
60%
down
60%
ever
60%
fabric
60%
feet
60%
fire
60%
for
60%
from,
60%
from
60%
from
60%
grade,
60%
help
60%
help
60%
how
60%
I
60%
I
60%
I
60%
I
60%
I
60%
Verse 7 I
60%
I
60%
I
60%
I
60%
I
60%
In
60%
in
60%
is
60%
is
60%
is
60%
it,
60%
just
60%
just
60%
just
60%
know
60%
know
60%
learn
60%
Learn
60%
learned
60%
levitate
60%
levitate
60%
levitate
60%
little
60%
little
60%
man
60%
man
60%
my
60%
my
60%
need
60%
No,
60%
no,
60%
not
60%
Verse 8 Now
60%
of
60%
off
60%
Verse 9 Oh,
60%
on
60%
on
60%
on
60%
On
60%
on
60%
on
60%
probably
60%
seventh
60%
since
60%
some
60%
that
60%
that
60%
that
60%
the
60%
the
60%
the
60%
the
60%
the
60%
the
60%
the
60%
this
60%
this
60%
Verse 6 This
60%
through
60%
time
60%
to
60%
to
60%
to
60%
to
60%
to
60%
to
60%
to
60%
to
60%
too
60%
up
60%
up
60%
we
60%
who
60%
with
60%
with
60%
you
60%
You
60%
above
40%
breathe
40%
By
40%
circling
40%
doorways
40%
enough
40%
feed
40%
feed
40%
fell
40%
hear
40%
heart
40%
I'd
40%
keep
40%
keep
40%
Keep
40%
me
40%
me
40%
me
40%
not
40%
not
40%
not
40%
not
40%
Please,
40%
please
40%
things
40%
Trench
40%
Outro Welcome
40%
your
40%
your
40%
blood,
20%
both
20%
Chorus,
20%
chorus,
20%
comes
20%
comes
20%
could
20%
doors
20%
eight
20%
graffiti
20%
here
20%
here
20%
hiding,
20%
knew
20%
like
20%
passing
20%
place
20%
rising
20%
sever
20%
sever
20%
they
20%
they
20%
they
20%
track
20%
train
20%
under
20%
under
20%
verse,
20%
verse
20%
vulture
20%
vultures
20%
wedges
20%
wedges
20%
wooden
20%
wooden
20%
Yeah,
20%
yeah,
20%
You're
20%
am
0%
are
0%
at
0%
at
0%
back
0%
back
0%
Better
0%
bought
0%
compensates
0%
compensation
0%
culture
0%
depend
0%
dominate
0%
Don't
0%
don't
0%
feeds
0%
feels
0%
first
0%
freezing
0%
got
0%
ground
0%
habits
0%
I'm
0%
knew,
0%
least
0%
ledges
0%
let
0%
like
0%
lot
0%
once
0%
overexposure,
0%
pain
0%
poacher
0%
replace
0%
room,
0%
shadow
0%
Sleep
0%
sleeping
0%
slot,
0%
smirking
0%
structure
0%
test
0%
Verse 5 They're
0%
they're
0%
though
0%
thought
0%
thought
0%
today
0%
two,
0%
Wait,
0%
weekends
0%
well-lit
0%
what
0%
what
0%
won't
0%
worst,
0%
No matching quizzes found
Score Distribution
Percent of People with Each Score
Percentile by Number Answered
Your Score History
You have not taken this quiz